| 000 | 00432nam a2200169Ia 4500 | ||
|---|---|---|---|
| 003 | GCL | ||
| 008 | 140319s9999 xx 000 0 eng d | ||
| 040 |
_aGCL / _cGCL |
||
| 082 | 0 | 4 |
_a843 _bB L |
| 100 | 1 | _aBOSQUET, ALAIN | |
| 245 | 1 | 0 |
_aLETTRE A MON PERE QUI AURAIT EU CENTANS / _cBOSQUET, ALAIN |
| 260 |
_a[S.N] : _bFOLIO ، _c1990 |
||
| 300 | _a283 P | ||
| 650 | 0 | 4 | _aLITERATURE |
| 650 | 0 | 4 | _aFRENCH LITERATURE |
| 942 |
_2ddc _cBK |
||
| 999 |
_c21909 _d21909 |
||